000 00620nam a2200181 i 4500
001 51845
003 ES-MaACL
005 20250915213454.0
007 t|
008 030820s1932 sp ||||1| spa d
100 1 _aDarío, Rubén,
_d1867-1916
_942720
245 1 0 _aObras poéticas completas /
_cRubén Darío (seud.) ; ordenación y prólogo de Alberto Ghiraldo.
260 _aMadrid :
_bM. Aguilar,
_c1932 (
_fAldus Artes Gráficas)
300 _aXLVI. 1264 p. :
_bretr., il. ;
_c15 cm.
700 1 _aGhiraldo, Alberto,
_d1874-1946
_956573
852 _aES-MaACL
_jA-991
_bR.11118
999 _c51845
_d51845